Normal view MARC view

Entry Nombre personal

Number of records used in: 4

001 - NÚMERO DE CONTROL

  • campo de control: 130605

003 - IDENTIFICADOR DE NÚMERO DE CONTROL

  • campo de control: SpMaBN

005 - FECHA Y HORA DE LA ÚLTIMA TRANSACCIÓN

  • campo de control: 20250715023043.0

008 - ELEMENTOS DE DATO DE LONGITUD-FIJA

  • campo de control de longitud fija: 950725nn ainnnaabn a aaa

016 ## - NÚMERO DE CONTROL DE UNA AGENCIA BIBLIOGRÁFICA NACIONAL

  • Número de control del registro: BNE19998090816

024 7# - IDENTIFICADOR DE OTROS ESTÁNDARES

  • Número estándar o código: http://www.wikidata.org/entity/Q55837224
  • Fuente: wikidata

024 7# - IDENTIFICADOR DE OTROS ESTÁNDARES

  • Número estándar o código: http://viaf.org/viaf/160722737/
  • Fuente: viaf

024 7# - IDENTIFICADOR DE OTROS ESTÁNDARES

  • Número estándar o código: https://isni.org/isni/0000000108256092
  • Fuente: isni

040 ## - FUENTE DE CATALOGACIÓN

  • Centro catalogador/agencia de origen: SpMaBN
  • Lengua de catalogación: spa
  • Centro/agencia transcriptor: SpMaBN
  • Normas de descripción: rdc
  • Convención/Normas de encabezamiento de materia/tesauro: embne

042 ## - CÓDIGO DE AUTENTICACIÓN

  • Código de autenticación: NORM20101230

046 ## - FECHAS CON CODIFICACIÓN ESPECIAL

  • Fecha de nacimiento: 1829
  • Fecha de la muerte: 1899

100 1# - ENCABEZAMIENTO-NOMBRE DE PERSONA

  • Nombre de persona: Olazábal, Lucas de,
  • Fechas asociadas al nombre: 1829-1899

370 ## - LUGAR ASOCIADO

  • Lugar de nacimiento: España, País Vasco, Vizcaya, Bilbao

370 ## - LUGAR ASOCIADO

  • Lugar de fallecimiento: España, Madrid (Comunidad Autónoma), Madrid

375 ## - GÉNERO/SEXO

  • Género: Masculino

377 ## - IDIOMA ASOCIADO

  • Código del idioma: Español

400 1# - TRAZADO DE VÉASE--NOMBRE DE PERSONA

  • Nombre de persona: Olazábal, L. de,
  • Fechas asociadas al nombre: 1829-1899

400 1# - TRAZADO DE VÉASE--NOMBRE DE PERSONA

  • Nombre de persona: Olazábal y Altuna, Lucas de,
  • Fechas asociadas al nombre: 1829-1899

670 ## - FUENTE DE DATOS ENCONTRADOS

  • Cita de la fuente: Ordenación y valoración de montes, 1883
  • Información encontrada: port. (Lucas de Olazábal; ingeniero de montes)

670 ## - FUENTE DE DATOS ENCONTRADOS

  • Cita de la fuente: Sobre la desamortización de los montes públicos proyectada por el Señor Camacho, 1884
  • Información encontrada: p. 31 (L. de Olazabal)

670 ## - FUENTE DE DATOS ENCONTRADOS

  • Cita de la fuente: Espasa
  • Información encontrada: (Olazábal y Altuna, Lucas de; ingeniero de montes, n. en 1829 y m. en 1899)

670 ## - FUENTE DE DATOS ENCONTRADOS

  • Cita de la fuente: WWW Diccionario Biográfico RAH, 25-10-2022
  • Información encontrada: (Olazábal Altuna, Lucas de. Begoña (Vizcaya), 18.X.1829 – Madrid, 27.XI.1899. Ingeniero de montes)
  • Identificador Uniforme de Recursos: https://dbe.rah.es/biografias/21302/lucas-de-olazabal-altuna